Los maestros de la cultura cubana (Record no. 114406)

MARC details
000 -LEADER
campo de control de longitud fija 00701nam a22002051 4500
001 - NÚMERO DE CONTROL
campo de control 114406
003 - IDENTIFICADOR DE NÚMERO DE CONTROL
campo de control ES-MaACL
007 - CAMPO FIJO DE DESCRIPCIÓN FÍSICA--INFORMACIÓN GENERAL
campo de control de longitud fija t|
008 - DATOS DE LONGITUD FIJA--INFORMACIÓN GENERAL
campo de control de longitud fija 070227s1940 cu ||||0| spa d
016 7# - NÚMERO DE CONTROL DE UNA AGENCIA BIBLIOGRÁFICA NACIONAL
Número de control cancelado/no válido IND9200542440
040 ## - FUENTE DE CATALOGACIÓN
Centro catalogador/agencia de origen M-BN
Lengua de catalogación spa
Centro/agencia transcriptor A2
245 04 - MENCIÓN DEL TÍTULO
Título Los maestros de la cultura cubana
Resto del título : Ciclo de conferencias... celebrado del 6 de Julio al 9 de Agosto de 1940.
260 ## - PUBLICACIÓN, DISTRIBUCIÓN, ETC.
Lugar de publicación, distribución, etc. La Habana :
Nombre del editor, distribuidor, etc. [s.n],
Fecha de publicación, distribución, etc. 1940 (
Fabricante Imp. P. Fernández y Cia)
300 ## - DESCRIPCIÓN FÍSICA
Extensión 143 p. ;
Dimensiones 21 cm.
490 1# - MENCIÓN DE SERIE
Mención de serie Publicaciones del Ateneo de La Habana
710 2# - ENTRADA AGREGADA--NOMBRE DE ENTIDAD CORPORATIVA
Nombre de entidad corporativa o nombre de jurisdicción como elemento de entrada Ateneo de La Habana (Cuba)
9 (RLIN) 1868
830 0# - PUNTO DE ACCESO ADICIONAL DE SERIE-TÍTULO UNIFORME
Título uniforme Publicaciones del Ateneo de La Habana
9 (RLIN) 229082
852 ## - LOCALIZACIÓN
Ubicación ES-MaACL
Número de control de estantería B-9852
Sublocalización o colección R.19362
Holdings
Estatus retirado Estado de pérdida Estado de daño No para préstamo Biblioteca de origen Biblioteca actual Ubicación en estantería Fecha de adquisición Fuente de adquisición Total de préstamos Signatura topográfica completa Código de barras Visto por última vez Precio de reemplazo Tipo de ítem Koha
        Biblioteca del Ateneo de Madrid Biblioteca del Ateneo de Madrid Sala Pardo Bazán 17/01/2008     B-9852 1119309 23/02/2023 23/02/2023 Libro impreso